<?xml version="1.0" encoding="UTF-8"?>
<record
    xmlns:xsi="http://www.w3.org/2001/XMLSchema-instance"
    xsi:schemaLocation="http://www.loc.gov/MARC21/slim http://www.loc.gov/standards/marcxml/schema/MARC21slim.xsd"
    xmlns="http://www.loc.gov/MARC21/slim">

  <leader>01171nam a22002417a 4500</leader>
  <controlfield tag="005">20231102151617.0</controlfield>
  <controlfield tag="008">131106t20072010sp a   f |||| 00| 0 spa d</controlfield>
  <datafield tag="020" ind1=" " ind2=" ">
    <subfield code="a">978-84-9835-195-8</subfield>
  </datafield>
  <datafield tag="040" ind1=" " ind2=" ">
    <subfield code="a">RDA</subfield>
  </datafield>
  <datafield tag="050" ind1=" " ind2=" ">
    <subfield code="a">TX361.A8 B87 2010</subfield>
  </datafield>
  <datafield tag="100" ind1=" " ind2=" ">
    <subfield code="a">BURKE, Louise</subfield>
  </datafield>
  <datafield tag="245" ind1=" " ind2=" ">
    <subfield code="a">Nutrici&#xF3;n en el deporte</subfield>
    <subfield code="b">: un enfoque pr&#xE1;ctico</subfield>
    <subfield code="c">/ Louise Burke</subfield>
  </datafield>
  <datafield tag="260" ind1=" " ind2=" ">
    <subfield code="a">Espa&#xF1;a</subfield>
    <subfield code="b">Medica Panamericana</subfield>
    <subfield code="c">2010</subfield>
  </datafield>
  <datafield tag="300" ind1=" " ind2=" ">
    <subfield code="a">xii, 536 p&#xE1;ginas</subfield>
  </datafield>
  <datafield tag="337" ind1=" " ind2=" ">
    <subfield code="a">texto</subfield>
  </datafield>
  <datafield tag="338" ind1=" " ind2=" ">
    <subfield code="a">sin medio</subfield>
  </datafield>
  <datafield tag="339" ind1=" " ind2=" ">
    <subfield code="a">volumen</subfield>
  </datafield>
  <datafield tag="500" ind1=" " ind2=" ">
    <subfield code="a">Incluye ap&#xE9;ndice, referencias e &#xED;ndice anal&#xED;tico</subfield>
  </datafield>
  <datafield tag="500" ind1=" " ind2=" ">
    <subfield code="a">Plan Flexible / Lic. en Nutrici&#xF3;n / 14 004973</subfield>
  </datafield>
  <datafield tag="505" ind1=" " ind2=" ">
    <subfield code="a">1. Nutrici&#xF3;n para el entrenamiento y la competici&#xF3;n
2. Factores culturales y de orden pr&#xE1;ctico
3. Alimentos y suplementos para deportistas
4. Ciclismo de carrera y triatl&#xF3;n
5. Carrera de media y larga distancia
6. Nataci&#xF3;n y remo
7. Carreras de velocidad y saltos
8. Deportes de equipo en campo
9. Deportes de equipo de pista y de interior
10. Deportes de raqueta
11. Deportes de fuerz y potencia
12. Deportes de categor&#xED;as de peso
13. Gimnasia
14. Deportes de invierno</subfield>
  </datafield>
  <datafield tag="650" ind1=" " ind2=" ">
    <subfield code="a">NUTRICI&#xD3;N--DEPORTE</subfield>
  </datafield>
  <datafield tag="942" ind1=" " ind2=" ">
    <subfield code="c">LB</subfield>
  </datafield>
  <datafield tag="952" ind1=" " ind2=" ">
    <subfield code="0">0</subfield>
    <subfield code="1">0</subfield>
    <subfield code="2">lcc</subfield>
    <subfield code="4">0</subfield>
    <subfield code="7">0</subfield>
    <subfield code="a">14</subfield>
    <subfield code="b">14</subfield>
    <subfield code="d">2013-03-21</subfield>
    <subfield code="l">8</subfield>
    <subfield code="m">1</subfield>
    <subfield code="o">TX361.A8 B87 2010</subfield>
    <subfield code="p">14 004973</subfield>
    <subfield code="r">2022-06-22</subfield>
    <subfield code="s">2022-06-16</subfield>
    <subfield code="t">1</subfield>
    <subfield code="w">2013-11-06</subfield>
    <subfield code="y">LB</subfield>
  </datafield>
  <datafield tag="999" ind1=" " ind2=" ">
    <subfield code="c">91190</subfield>
    <subfield code="d">91190</subfield>
  </datafield>
</record>
